Normal view
MARC view
Entry Topical Term
001 - CONTROL NUMBER
- control field: 376177
003 - CONTROL NUMBER IDENTIFIER
- control field: OSt
005 - DATE AND TIME OF LATEST TRANSACTION
- control field: 20220927110332.0
008 - FIXED-LENGTH DATA ELEMENTS
- fixed length control field: 220927|| aca||aabn | a|a d
040 ## - CATALOGING SOURCE
- Original cataloging agency: OSt
- Transcribing agency: OSt
150 ## - HEADING--TOPICAL TERM
- Topical term or geographic name entry element: Indian History
670 ## - SOURCE DATA FOUND
- Source citation: Work cat.: (OSt)695554: Seminar On Centre-State Relations (1983 : Bangalore) 376176, "Papers, group reports and conolusions", 1983
